Česká revmatologie časopis České revmatologické společnosti

Bibliographic Details
Previous Title:Fysiatrický a revmatologický věstník
Format: Journal
Language:Czech
Slovak
PhysicalDescription:zv. 30-35 cm
Má online vydanie
Published: Praha Česká lékařská společnost J. E. Purkyně 1993-
ISSN:1210-7905
1805-4463
0072-0038
Subjects:
Online Access:https://www.prolekare.cz/casopisy/ceska-revmatologie

MARC

LEADER 00000cas a2200000 a 4500
001 vtls008880802
003 SK-MaSNL
005 20260228161429.0
008 160627c19939999xr qr p 0 0 b0cze d
022 |a 1210-7905 
035 |a (SVKBB03)vtls000047431 
040 |a SVKBB  |b slo  |c SVKBB  |d SNK  |e AACR2 
041 0 |a cze  |a slo  |b eng  |b eng 
044 |a xr  |c CZ 
072 7 |a 616  |x Patológia. Klinická medicína  |2 konspekt 
080 |a 616-002.77  |2 2011 
080 |a 050  |2 2011 
080 |a (051)-027.561  |2 2011 
210 0 |a Čes. revmatol. 
222 0 |a Česká revmatologie 
245 0 0 |a Česká revmatologie  |b časopis České revmatologické společnosti 
260 |a Praha  |b Česká lékařská společnost J. E. Purkyně  |c 1993- 
300 |a zv.  |c 30-35 cm 
310 |a 4x ročne 
362 0 |a Roč. 1, č. 0 (1993) ; roč. 1, č. 1 (1994)- 
504 |a Bibliografické odkazy 
530 |a Má online vydanie 
546 |a Text aj v slov., res. angl., fran. 
650 0 7 |a reumatológia  |2 SNKPH  |9 17152 
650 0 7 |a Rheumatology  |2 SNKPHeng  |9 268612 
655 7 |a odborné časopisy  |2 SNKPH  |9 70505 
655 7 |a Professional journals  |2 SNKPHeng  |9 265007 
776 0 |t Česká revmatologie (On-line)  |x 1805-4463 
780 0 0 |t Fysiatrický a revmatologický věstník  |x 0072-0038 
856 4 1 |u https://www.prolekare.cz/casopisy/ceska-revmatologie 
910 |a snk 
999 |c 5340  |d 7270 
952 |0 0  |1 0  |4 0  |7 0  |8 4  |a SNK  |b SNK  |d 2014-01-10  |i snk2003/1918  |l 0  |o snkČSB 4789/5/1997  |p 17A0802479  |r 2026-02-21 19:43:57  |t č. 1-4, neúplné  |w 2026-02-21  |y PREZ  |z Chýba č. 1 
952 |0 0  |1 0  |4 0  |7 0  |8 4  |a SNK  |b SNK  |d 2014-01-10  |i snk2003/1924  |l 0  |o snkČSB 4789/8/2000  |p 17A0802481  |r 2026-02-21 19:43:57  |t č. 1-4, neúplné  |w 2026-02-21  |y PREZ  |z Chýba č. 2-4 
952 |0 0  |1 0  |4 0  |7 0  |8 1  |a SNK  |b SNK  |d 2014-10-20  |i snk2014/22529  |l 0  |o snkČSB 4789/9/2001  |p 17A0870383  |r 2026-02-21 19:44:50  |t č. 1-4, + suppl. 1  |w 2026-02-21  |y PREZ 
952 |0 0  |1 0  |4 0  |7 0  |8 7  |a SNK  |b SNK  |d 2025-08-06  |i snk2025/12726  |l 0  |o snkČSB 4789/11/2003  |p 17A1556214  |r 2026-02-21 20:02:27  |t č. 1-4  |w 2026-02-21  |y PREZ 
952 |0 0  |1 0  |4 0  |7 0  |8 7  |a SNK  |b SNK  |d 2025-08-06  |i snk2025/12727  |l 0  |o snkČSB 4789/12/2004  |p 17A1556215  |r 2026-02-21 20:02:27  |t č. 1-4  |w 2026-02-21  |y PREZ 
952 |0 0  |1 0  |4 0  |7 0  |8 7  |a SNK  |b SNK  |d 2025-08-06  |i snk2025/12728  |l 0  |o snkČSB 4789/13/2005  |p 17A1556216  |r 2026-02-21 20:02:27  |t č. 1-4, neúplné  |w 2026-02-21  |y PREZ  |z Chýba č. 1 
952 |0 0  |1 0  |4 0  |7 0  |8 7  |a SNK  |b SNK  |d 2025-08-06  |i snk2025/12729  |l 0  |o snkČSB 4789/14/2006  |p 17A1556217  |r 2026-02-21 20:02:27  |t č. 1-4  |w 2026-02-21  |y PREZ 
952 |0 0  |1 0  |4 0  |7 0  |8 7  |a SNK  |b SNK  |d 2025-08-06  |i snk2025/12730  |l 0  |o snkČSB 4789/15/2007  |p 17A1556218  |r 2026-02-21 20:02:27  |t č. 1-4  |w 2026-02-21  |y PREZ 
952 |0 0  |1 0  |4 0  |7 0  |8 4  |a SNK  |b SNK  |d 2006-12-19  |i snkČZK 1921/2003  |l 0  |o snkČSB 4789/6/1998 D1  |p 17A0351528  |r 2026-02-21 20:13:10  |w 2026-02-21  |y PREZ 
952 |0 0  |1 0  |4 0  |7 0  |8 4  |a SNK  |b SNK  |d 2006-12-19  |i snkČZK 1919/2003  |l 0  |o snkČSB 4789/5/1997 D1  |p 17A0351530  |r 2026-02-21 20:13:11  |t č. 1-4  |w 2026-02-21  |y PREZ 
952 |0 0  |1 0  |4 0  |7 0  |a SNK  |b SNK  |d 2001-07-31  |l 0  |o snkČSB 4789/3/1995 D1  |p 17A0309464  |r 2005-01-02 00:00:00  |w 2026-02-21  |y PREZ 
952 |0 0  |1 0  |4 0  |7 0  |a SNK  |b SNK  |d 2002-09-28  |l 0  |o snkČSB 4789/3/1995  |p 17A0358411  |r 2005-01-02 00:00:00  |w 2026-02-21  |y PREZ 
952 |0 0  |1 0  |4 0  |7 0  |a SNK  |b SNK  |d 2003-01-27  |l 0  |o snkČSB 4789/1/1993 D1  |p 17A0366195  |r 2005-01-02 00:00:00  |t č. 1  |w 2026-02-21  |y PREZ 
952 |0 0  |1 0  |4 0  |7 0  |a SNK  |b SNK  |d 2003-01-27  |l 0  |o snkČSB 4789/2/1994  |p 17A0366152  |r 2005-01-02 00:00:00  |t č. 1-4  |w 2026-02-21  |y PREZ 
952 |0 0  |1 0  |4 0  |7 0  |a SNK  |b SNK  |d 2003-01-27  |l 0  |o snkČSB 4789/4/1996 D1  |p 17A0370409  |r 2005-01-02 00:00:00  |t č. 1-4  |w 2026-02-21  |y PREZ 
952 |0 0  |1 0  |4 0  |7 0  |a SNK  |b SNK  |d 2005-02-03  |i snkČZK 1925/2003  |l 0  |o snkČSB 4789/8/2000 D1  |p 17A0351499  |r 2026-02-21 21:10:34  |t č. 1-4, neúplné  |w 2026-02-21  |y PREZ  |z Chýba č. 2-4 
952 |0 0  |1 0  |4 0  |7 0  |8 4  |a SNK  |b SNK  |d 2016-04-08  |i snkČZK 1923/2003  |l 0  |o snkČSB 4789/7/1999 D1  |p 17A1099149  |r 2026-02-21 22:09:27  |t č. 1-4 + suppl. 1  |w 2026-02-21  |y PREZ 
952 |0 0  |1 0  |4 0  |7 0  |8 1  |a SNK  |b SNK  |d 2016-04-12  |i snk2016/9290  |l 0  |o snkČSB 4789/18/2010  |p 17A1099134  |r 2026-02-21 22:09:34  |t č. 1-4  |w 2026-02-21  |y PREZ 
952 |0 0  |1 0  |4 0  |7 1  |8 1  |a SNK  |b SNK  |d 2016-04-12  |i snk2016/9293  |l 0  |o snkČSB 4789/19/2011  |p 17A1099133  |r 2026-02-21 22:09:34  |t č. 1-4, neúplné  |w 2026-02-21  |y NEVYP  |z chýba č. 3-4 
952 |0 0  |1 0  |4 0  |7 1  |8 1  |a SNK  |b SNK  |d 2016-04-12  |i snk2016/9286  |l 0  |o snkČSB 4789/17/2009  |p 17A1099135  |r 2026-02-21 22:09:36  |t č. 1-4, neúplné  |w 2026-02-21  |y NEVYP  |z chýba č. 4